000 00610nam a2200241Ia 4500
003 OSt
005 20221005120011.0
006 a|||||r|||| 00| 0
007 ta
008 221004b |||||||| |||| 00| 0 tel d
024 _a40606
037 _cTextual
040 _aCRL
_cCRL
_btel
041 _2tel
_atel
082 _aO31,3N38:g, P1
100 _aGeorge K.M. Au.
245 0 _aCreative world of neelap admanbhan
260 _c2001
300 _a1128p.
_ccm.
650 _aTAMIL LITERATURE
942 _hO31,3N38:g, P1
_cTEXL
_2cc
999 _c1036527
_d1036527